World Series Roster - 2023 Texas Rangers - Statistics

General Stats
  • This quiz has been taken 51 times
  • The average score is 14 of 26
Answer Stats
Answer % Correct
Adolis García
97%
Corey Seager
97%
Marcus Semien
94%
Jonah Heim
84%
Josh Jung
77%
Josh Smith
77%
Evan Carter
74%
Will Smith
74%
Nathan Eovaldi
71%
Nathaniel Lowe
71%
Mitch Garver
65%
Max Scherzer
58%
Austin Hedges
52%
Leody Taveras
52%
Jordan Montgomery
48%
José Leclerc
48%
Aroldis Chapman
42%
Josh Sborz
39%
Travis Jankowski
39%
Robbie Grossman
32%
Jon Gray
19%
Cody Bradford
16%
Dane Dunning
16%
Martín Pérez
16%
Andrew Heaney
13%
Chris Stratton
13%
No matching quizzes found
Score Distribution
Percent of People with Each Score
Percentile by Number Answered
Your Score History
You have not taken this quiz